Wird geladen...
Tribal Development in Kerala
| Format: | Printed Book |
|---|---|
| Schlagworte: | |
| Online Zugang: | http://10.26.1.76/ks/003439.pdf |
| LEADER | 003220000a22000970004500 | ||
|---|---|---|---|
| 245 | |a Tribal Development in Kerala | ||
| 650 | |a ADIVASIES INDIGENOUS PEOPLE SCHEDULED CASTE TRIBE | ||
| 856 | |u http://10.26.1.76/ks/003439.pdf | ||
| 942 | |c KS | ||
| 999 | |c 72827 |d 72827 | ||
| 952 | |0 0 |1 0 |4 0 |7 0 |9 64791 |a MGUL |b MGUL |d 2015-08-01 |l 0 |r 2015-08-01 |w 2015-08-01 |y KS | ||